Členské státy v tržních vztazích Evropských společenství

Úvaha - právny rámec prítomnosti štátu v trhovom mechanizme súčasného Európskeho spoločenstva. Dva smery predmetu úvahy: 1. štátny sektor versus súkromný sektor, 2. štátne dotácie do súkromného sektoru. Prítomnosť štátu (alebo ES ako nadštátu) v trhových vzťahoch a jeho nepriame pôsobenie na tieto v...

Descripción completa

Guardado en:
Detalles Bibliográficos
Autor principal: Tomášek, M.
Formato: Capítulo de libro
Lenguaje:checo
Materias:
Etiquetas: Agregar Etiqueta
Sin Etiquetas, Sea el primero en etiquetar este registro!

MARC

LEADER 00000naa a2200000 4500
001 r000224
005 20221213082244.3
041 0 |a cze 
044 |a CZ 
245 1 0 |a Členské státy v tržních vztazích Evropských společenství  |c M. Tomášek 
520 |a Úvaha - právny rámec prítomnosti štátu v trhovom mechanizme súčasného Európskeho spoločenstva. Dva smery predmetu úvahy: 1. štátny sektor versus súkromný sektor, 2. štátne dotácie do súkromného sektoru. Prítomnosť štátu (alebo ES ako nadštátu) v trhových vzťahoch a jeho nepriame pôsobenie na tieto vzťahy. 
610 2 0 |a vzťahy trhové 
610 2 0 |a štát 
610 2 0 |a Európske spoločenstvá 
610 2 0 |a právo 
610 2 0 |a sektor štátny 
610 2 0 |a sektor súkromný 
610 2 0 |a dotácie 
100 1 |a Tomášek, M.